Permo-Pennsylvanian section of the Hartville area of Wyoming, (Record no. 27236)

MARC details
000 -LEADER
fixed length control field 00933cam a22002771 4500
001 - CONTROL NUMBER
control field gs 36000025
003 - CONTROL NUMBER IDENTIFIER
control field DLC
005 - DATE AND TIME OF LATEST TRANSACTION
control field 20260227111340.0
008 - FIXED-LENGTH DATA ELEMENTS--GENERAL INFORMATION
fixed length control field 790615s1935 nbua b s000 0 eng
010 ## - LIBRARY OF CONGRESS CONTROL NUMBER
LC control number gs 36000025
035 ## - SYSTEM CONTROL NUMBER
System control number (OCoLC)5069518
040 ## - CATALOGING SOURCE
Original cataloging agency DLC
Transcribing agency TxCM
Modifying agency DLC
042 ## - AUTHENTICATION CODE
Authentication code premarc
050 00 - LIBRARY OF CONGRESS CALL NUMBER
Classification number QE135
Item number .A43 no. 9
100 1# - MAIN ENTRY--PERSONAL NAME
Personal name Condra, Geo. E.
Fuller form of name (George Evert),
Dates associated with a name 1869-1958.
245 10 - TITLE STATEMENT
Title Permo-Pennsylvanian section of the Hartville area of Wyoming,
Statement of responsibility, etc. by G. E. Condra and E. C. Reed.
260 ## - PUBLICATION, DISTRIBUTION, ETC.
Place of publication, distribution, etc. [Lincoln]
Name of publisher, distributor, etc. Published by authority of the state of Nebraska,
Date of publication, distribution, etc. 1935.
300 ## - PHYSICAL DESCRIPTION
Extent 46 p.
Other physical details illus.
410 20 - SERIES STATEMENT/ADDED ENTRY--CORPORATE NAME [OBSOLETE, CAN/MARC], [LOCAL, USA]
Corporate name or jurisdiction name as entry element Nebraska Geological Survey
Title of a work Paper
Volume number/sequential designation no. 9
500 ## - GENERAL NOTE
General note Cover title
504 ## - BIBLIOGRAPHY, ETC. NOTE
Bibliography, etc. note Bibliographical foot-notes.
650 #0 - SUBJECT ADDED ENTRY--TOPICAL TERM
Topical term or geographic name entry element Geology, Stratigraphic
Chronological subdivision Permian.
650 #0 - SUBJECT ADDED ENTRY--TOPICAL TERM
Topical term or geographic name entry element Geology, Stratigraphic
Chronological subdivision Pennsylvanian.
650 #0 - SUBJECT ADDED ENTRY--TOPICAL TERM
Topical term or geographic name entry element Geology
Geographic subdivision Wyoming.
700 1# - ADDED ENTRY--PERSONAL NAME
Personal name Reed, E. C.
Fuller form of name (Eugene Clifton),
Dates associated with a name 1901-

No items available.

Powered by Koha